Γράμματα από την Πόλη
Αποθηκεύτηκε σε:
| Κύριος συγγραφέας: | |
|---|---|
| Άλλοι συγγραφείς: | |
| Μορφή: | Βιβλίο |
| Γλώσσα: | Greek |
| Δημοσίευση: |
Αθήνα :
Βιβλιοπωλείον της "Εστίας", Ι.Δ. Κολλάρου & Σίας Α.Ε.,
2008.
|
| Σειρά: | Μαρτυρίες - Βιογραφίες (Εστία)
|
| Θέματα: | |
| Ετικέτες: |
Προσθήκη ετικέτας
Δεν υπάρχουν, Καταχωρήστε ετικέτα πρώτοι!
|
MARC
| LEADER | 00000cam a2200000 i 4500 | ||
|---|---|---|---|
| 001 | 1/2928 | ||
| 008 | 100112s2008 gr | ||| |||| ||gre|| | ||
| 020 | |a 9789600513929 | ||
| 035 | |l 10106196 | ||
| 040 | |a GR-MY-UA |b gre |e aacr | ||
| 041 | 0 | |a gre | |
| 082 | 0 | |a 956.109563 |2 (22) | |
| 100 | 1 | |a Σπανούδη, Σοφία Κ., |d 1878-1952. | |
| 245 | 1 | 0 | |a Γράμματα από την Πόλη / |c Σοφία Κ. Σπανούδη. |
| 260 | |a Αθήνα : |b Βιβλιοπωλείον της "Εστίας", |b Ι.Δ. Κολλάρου & Σίας Α.Ε., |c 2008. | ||
| 300 | |a 293 σ. ; |c 21 εκ. | ||
| 490 | 1 | |a (Μαρτυρίες - Βιογραφίες / Εστία) | |
| 650 | 0 | 0 | |a Greeks |z Turkey |z Istanbul. |
| 651 | 0 | |a Istanbul (Turkey) |x Description and travel. | |
| 700 | 1 | |a Σαββάκης, Αλέξιος, |e edt | |
| 830 | 0 | |a Μαρτυρίες - Βιογραφίες (Εστία) | |
| 852 | |a INST |b LESVOS |e 20100112 |h 956.109563 ΣΠΑ |p 005100045864 |q 005100045864 |t BK |y 0 | ||
| 901 | |a BIBL1-2010-1 | ||
| 970 | |a ΓΙΑΛΑΜΑ |b ΜΑΡΙΑ |z 2010/01/12 | ||